000 00927nam a22002657a 4500
001 39659
003 UA-OsUOA
005 20210514145834.0
007 ta
008 20080515b un ||||| |||| 00| 0 ukr d
020 _a9789660245112
040 _aUA-OsUOA
_bukr
_cUA-OsUOA
_dUA-OsUOA
041 _aukr
080 _a016
090 _a016
_bС66
100 _aСосса Р.
245 _aКартографування території України від найдавніших часів до 1941 р.
_bбібліографічний покажчик
260 _aК.
_bІнститут історії України
_c2007
300 _a240 с.
650 7 _a01 Бібліографія і бібліографії. Каталоги
_2UDC
942 _cBK
_2udc
955 _a1
999 _c438168
_d438168